Zázračné léky neexistují
Kritické zhodnotenie spôsobu samosprávnej účasti na riadení podnikov zamestnancami, ktorí vlastnia väčšinu účastín (ESOP). Využívanie metód riadenia uplatňovaných japonskou podnikateľskou školou britskými a americkými podnikateľmi. Hlavné črty japonskej školy riadenia.
Salvato in:
| Autore principale: | |
|---|---|
| Natura: | Capitolo di libro |
| Lingua: | ceco |
| Soggetti: | |
| Tags: |
Nessun Tag, puoi essere il primo ad aggiungerne!!
|
MARC
| LEADER | 00000naa a2200000 4500 | ||
|---|---|---|---|
| 001 | r003336 | ||
| 005 | 20221125080336.4 | ||
| 041 | 0 | |a cze | |
| 044 | |a [CS] | ||
| 245 | 1 | 0 | |a Zázračné léky neexistují |c O. Schwarz |
| 520 | |a Kritické zhodnotenie spôsobu samosprávnej účasti na riadení podnikov zamestnancami, ktorí vlastnia väčšinu účastín (ESOP). Využívanie metód riadenia uplatňovaných japonskou podnikateľskou školou britskými a americkými podnikateľmi. Hlavné črty japonskej školy riadenia. | ||
| 610 | 2 | 0 | |a účasť na riadení |
| 610 | 2 | 0 | |a riadenie podnikové |
| 610 | 2 | 0 | |a zamestnanci |
| 610 | 2 | 0 | |a Japonsko |
| 100 | 1 | |a Schwarz, O. | |